000 00511nam a22001697a 4500
003 ARRUPE
005 20240510091651.0
008 240510b |||||||| |||| 00| 0 eng d
020 _a9780646998213
040 _cAJU
050 _aBF575.S75 G733 2020
100 _aGraham, Karen Gaye
_952769
245 _aMind what you think
_bhow to find balance and enjoy freedom from stress
_cKaren Gaye Graham
260 _a Australia
_bLight idea press
_c2020
300 _aviii, 204p. ;
_c22cm.
942 _2lcc
_cMONOGRAPH
999 _c131907
_d131907